Datum a čas kvízu
24
Celkem bodů
Celkový počet nahraných bodů na tomto kvízu bez doplňovacích otázek.
2.
Pořadí na kvízu
Konečné umístění týmu na tomto kvízu.
Zaznamenané odpovědi
| # | Otázka | Odpověď | Body | Výsledky |
|---|---|---|---|---|
| 1. | Pražskou policii od minulého p... | 0 | ||
| 2. | Thajská vesmírná agentura plán... | 0 | ||
| 3. | Moderátorský tým motoristickéh... | 1 | ||
| 4. | Tabákový gigant Philip Morris... | 1 | ||
| 5. | Majitel anglického fotbalového... | 1 | ||
| 6. | Toto téma je dalším, které jst... | 1 | ||
| 7. | Erbenova Kytice obsahuje 13 bá... | 1 | ||
| 5. | Doplňte zcela přesně jméno z t... | 0 | ||
| 5. | Velmi osobitou postavou české... | 0 | ||
| 10. | Jakub Arbes, mladší kolega a p... | 0 |